Les 100 villes les plus denses de France - Statistiques

Statistiques générales
  • Ce quiz a été pris 139 fois
  • Le résultat moyen est 33 sur 100
Statistiques - réponses
Rang Départements Villes Densité (h/km²) % Correct
6 (75) Paris Paris 20 545
92%
35 (69) Rhône Lyon 10 925
77%
48 (93) Seine-Saint-Denis Saint-Denis 9 130
77%
65 (92) Hauts-de-Seine Nanterre 7 898
73%
85 (59) Nord Lille 6 732
71%
61 (94) Val-de-Marne Créteil 8 137
67%
26 (93) Seine-Saint-Denis Montreuil 12 471
62%
19 (93) Seine-Saint-Denis Aubervilliers 15 442
59%
8 (92) Hauts-de-Seine Boulogne-Billancourt 19 706
59%
93 (95) Val-d'Oise Argenteuil 6 448
58%
16 (92) Hauts-de-Seine Issy-les-Moulineaux 15 996
58%
53 (38) Isère Grenoble 8 726
56%
37 (69) Rhône Villeurbanne 10 483
56%
1 (92) Hauts-de-Seine Levallois-Perret 27 420
55%
17 (92) Hauts-de-Seine Neuilly-sur-Seine 15 978
54%
73 (59) Nord Roubaix 7 470
54%
2 (94) Val-de-Marne Vincennes 26 067
52%
89 (92) Hauts-de-Seine Antony 6 565
50%
63 (93) Seine-Saint-Denis Bobigny 8 030
50%
9 (92) Hauts-de-Seine Courbevoie 19 558
50%
91 (59) Nord Tourcoing 6 495
50%
7 (92) Hauts-de-Seine Clichy 20 483
49%
38 (94) Val-de-Marne Ivry-sur-Seine 10 450
47%
5 (92) Hauts-de-Seine Montrouge 23 358
47%
39 (94) Val-de-Marne Villejuif 10 339
47%
30 (93) Seine-Saint-Denis Pantin 11 945
46%
22 (92) Hauts-de-Seine Puteaux 14 156
45%
60 (94) Val-de-Marne Vitry-sur-Seine 8 184
44%
81 (95) Val-d'Oise Sarcelles 7 005
43%
34 (92) Hauts-de-Seine Colombes 11 080
41%
82 (54) Meurthe-et-Moselle Nancy 6 999
39%
46 (93) Seine-Saint-Denis Drancy 9 327
37%
10 (93) Seine-Saint-Denis Les Lilas 18 609
36%
11 (92) Hauts-de-Seine Asnières-sur-Seine 18 079
35%
23 (93) Seine-Saint-Denis Bagnolet 14 031
35%
98 (92) Hauts-de-Seine Clamart 6 035
35%
21 (92) Hauts-de-Seine Malakoff 14 952
35%
79 (93) Seine-Saint-Denis Sevran 7 106
35%
24 (92) Hauts-de-Seine Suresnes 13 011
35%
78 (93) Seine-Saint-Denis Le Blanc-Mesnil 7 143
34%
4 (94) Val-de-Marne Saint-Mandé 24 323
34%
42 (93) Seine-Saint-Denis Bondy 9 979
33%
12 (92) Hauts-de-Seine Vanves 17 850
33%
87 (94) Val-de-Marne Saint-Maur-des-Fossés 6 665
32%
25 (92) Hauts-de-Seine Châtillon 12 548
28%
36 (94) Val-de-Marne Maisons-Alfort 10 558
28%
44 (92) Hauts-de-Seine Bagneux 9 770
27%
84 (94) Val-de-Marne Champigny-sur-Marne 6 813
27%
47 (94) Val-de-Marne Fontenay-sous-Bois 9 320
27%
14 (94) Val-de-Marne Le Kremlin-Bicêtre 16 215
27%
3 (93) Seine-Saint-Denis Le Pré-Saint-Gervais 24 787
27%
28 (94) Val-de-Marne Nogent-sur-Marne 12 158
27%
50 (93) Seine-Saint-Denis Noisy-le-Sec 8 822
27%
27 (94) Val-de-Marne Alfortville 12 208
26%
20 (92) Hauts-de-Seine Bois-Colombes 15 021
26%
15 (94) Val-de-Marne Charenton-le-Pont 16 152
26%
29 (93) Seine-Saint-Denis Épinay-sur-Seine 11 950
23%
13 (92) Hauts-de-Seine La Garenne-Colombes 16 653
23%
45 (94) Val-de-Marne Arcueil 9 351
22%
31 (93) Seine-Saint-Denis Saint-Ouen-sur-Seine 11 763
22%
94 (78) Yvelines Sartrouville 6 238
22%
33 (94) Val-de-Marne Cachan 11 109
21%
55 (94) Val-de-Marne Joinville-le-Pont 8 544
21%
69 (93) Seine-Saint-Denis Le Bourget 7 647
21%
90 (93) Seine-Saint-Denis Le Raincy 6 504
21%
58 (94) Val-de-Marne L'Haÿ-les-Roses 8 223
21%
43 (94) Val-de-Marne Saint-Maurice 9 922
21%
76 (74) Haute-Savoie Annemasse 7 346
20%
56 (94) Val-de-Marne Choisy-le-Roi 8 499
20%
52 (93) Seine-Saint-Denis Romainville 8 746
20%
80 (93) Seine-Saint-Denis Stains 7 103
20%
71 (92) Hauts-de-Seine Villeneuve-la-Garenne 7 530
20%
77 (93) Seine-Saint-Denis Clichy-sous-Bois 7 287
19%
40 (92) Hauts-de-Seine Fontenay-aux-Roses 10 172
19%
64 (95) Val-d'Oise Garges-lès-Gonesse 7 905
19%
18 (94) Val-de-Marne Gentilly 15 945
19%
95 (93) Seine-Saint-Denis Livry-Gargan 6 191
19%
67 (93) Seine-Saint-Denis Rosny-sous-Bois 7 787
19%
100 (92) Hauts-de-Seine Sèvres 6 001
19%
83 (95) Val-d'Oise Ermont 6 956
16%
97 (95) Val-d'Oise Franconville 6 041
16%
51 (92) Hauts-de-Seine Le Plessis-Robinson 8 764
16%
96 (93) Seine-Saint-Denis Neuilly-Plaisance 6 105
16%
32 (92) Hauts-de-Seine Bourg-la-Reine 11 317
15%
62 (94) Val-de-Marne Fresnes 8 065
15%
74 (78) Yvelines Houilles 7 404
15%
59 (93) Seine-Saint-Denis Les Pavillons-sous-Bois 8 184
15%
70 (95) Val-d'Oise Bezons 7 613
14%
88 (92) Hauts-de-Seine Garches 6 615
14%
57 (94) Val-de-Marne Le Perreux-sur-Marne 8 482
13%
54 (95) Val-d'Oise Saint-Gratien 8 634
13%
72 (93) Seine-Saint-Denis Villemomble 7 526
13%
75 (59) Nord Mons-en-Barœul 7 388
12%
86 (94) Val-de-Marne Villiers-sur-Marne 6 673
12%
92 (95) Val-d'Oise Enghien-les-Bains 6 480
11%
66 (91) Essonne Juvisy-sur-Orge 7 792
11%
68 (59) Nord La Madeleine 7 696
11%
49 (93) Seine-Saint-Denis Pierrefitte-sur-Seine 9 050
11%
99 (69) Rhône Oullins 6 035
10%
41 (59) Nord Lannoy 10 106
7%
Aucun quiz correspondant
Distribution des résultats
% des personnes avec chaque résultat
Percentile par nombre de réponses
Votre historique - résultats
Vous n’avez pas pris ce quiz